000 00348nam a2200133Ia 4500
008 100328s9999 xx 000 0 und d
082 _b6578
100 _aआपटे ह.ना.
245 _aसंत सखूबाई
260 _b---
630 _aसंत सखूबाई
730 _aसंत सखूबाई
942 _cBOOK
999 _c502465
_d502462